000 01831nam0a2200349 4500
001 RU\NLR\bibl\796049
005 20260405213032.0
010 _a5-93286-065-0
_92000
021 _aRU
_b2005-5092
_9255
035 _a(NLR Aleph) 000785251
090 _a1087432
_c1087432
100 _a20050505d2005 |||y0rusy50 ca
101 1 _arus
_ceng
102 _aRU
105 _aa |||||||||
200 1 _aПрограммируем командный дух
_eбазовые протоколы, позволяющие создавать и поддерживать общее видение
_fДжим и Мишель Мак-Карти
_g[пер. с англ. Ю. Асотова]
210 _aСанкт-Петербург
_aМосква
_cСимвол
_d2005 (макет 2004)
215 _a415 с.
_cил.
_d22
225 1 _aПрофессионально
300 _aЗагл. и авт. ориг.: Software fo Your head / Jim and Michele McCarthy
320 _aАлф. указ.: с. 411-415
454 0 _12001#$aSoftware for Your head$fJim and Michele McCarthy
_1700#1$3RU\NLR\auth\7796091$aMcCarthy$bJ.$cпрограммист$f1951-$gJim$4070
_1701#1$3RU\NLR\auth\7796092$aMcCarthy$bM.$f1967-$gMichele$4070
_tSoftware for Your head
_aMcCarthy, Jim (программист ; 1951-)
606 1 _aГрупповая деятельность
_xПсихолого-управленческая оценка
_92161074
_3RU\NLR\auth\661300575
686 _aС550.373
700 1 _4070
_8rus
_7ca
_aМаккарти
_bДж.
_cпрограммист
_f1951-
_gДжим
_3RU\NLR\AUTH\7796089
_979015
701 1 _4070
_8rus
_7ca
_aМаккарти
_bМ.
_f1967-
_gМишель
_3RU\NLR\AUTH\7796086
_979012
801 0 _aRU
_bNLR
_c20050505
_grcr
801 1 _aRU
_bNLR
_c20050505
942 _cBOOK
980 _aNB